Object analysis and design : description of methods /

Guardado en:
Otros Autores: Hutt, A. T. F.
Formato: Libro
Idioma:English
Publicado: New York : J. Wiley & Sons, c1994.
Materias:
Acceso en línea:Table of Contents
Etiquetas: Agregar Etiqueta
Sin Etiquetas, Sea el primero en etiquetar este registro!
LEADER 00846cam a2200229 a 4500
001 DCC.dcic000413
008 930809s1994####nyua#####b####001#0#eng##
005 20151123153208.0
245 0 0 |a Object analysis and design :  |b description of methods /  |c Andrew T.F. Hutt, editor. 
260 |a New York :  |b J. Wiley & Sons,  |c c1994. 
300 |a xiii, 202 p. :  |b il. ;  |c 28 cm. 
500 |a "A Wiley-QED publication." 
504 |a Incluye referencias bibliográficas e índice. 
020 |a 0471623660 (acid-free paper) 
700 1 |a Hutt, A. T. F.  |q (Andrew T. F.) 
082 0 0 |a 005.1/2  |2 20 
650 0 |a Object-oriented programming (Computer science) 
010 |a  93030535  
040 |a DLC  |c DLC  |d DLC 
050 0 0 |a QA76.64  |b .O22 1994 
856 4 |3 Table of Contents  |u http://www.loc.gov/catdir/toc/onix03/93030535.html 
859 |a DCIC  |b BIB. COMPUTACION  |p 0526